00786nam a2200265Ia 4500008004000000020001500040041000800055082001500063100002300078245006000101260004600161300001200207650001500219650000700234650001000241650001200251650001400263650001100277650000700288650001200295690001900307906001100326999001900337952016400356210210b2009 xxu||||| |||| 00| 0 eng d a0198063121 aeng a954.8 KARA aKARASHIMA (NOBORU) aAncient to medieval: south Indian society in transition aNew DelhibOxford University Pressc2009 axix,301 atransition ato asouth asociety amedieval: aIndian ain aAncient aIndian History a064484 c141448d141448 001040708HistoryaALbALcHistoryd2021-02-17eKnowledge World, Bangalore-18g750.00l1o954.8 KARAp064484r2024-04-29 00:00:00s2024-04-23w2021-02-17yBK